[Event "Czech Chess Christmas 2010"]
[Site "Litomysl"]
[Date "2010.12.27"]
[Round "2.19"]
[White "Navratil, Jiri"]
[Black "Kraus, Ondrej"]
[Result "1/2-1/2"]
[WhiteElo "2120"]
[BlackElo "1973"]
[PlyCount "58"]
[EventDate "2010.12.26"]

1. d4 Nf6 2. Nf3 e6 3. Bg5 Be7 4. c3 d5 5. Nbd2 Nbd7 6. e3 O-O 7. Bd3 b6 8. O-O
Bb7 9. Qc2 h6 10. Bh4 c5 11. Rae1 c4 12. Be2 b5 13. b3 cxb3 14. Qxb3 a6 15. a4
Bc6 16. axb5 axb5 17. Ra1 Qc7 18. Rfb1 Ra4 19. Bg3 Qa5 20. Qb2 Ra8 21. Nb3 Qd8
22. Nbd2 R8a7 23. Bf1 Ra3 24. Rxa3 Bxa3 25. Qc2 Qa8 26. Be2 Ra5 27. Bc7 Ra7 28.
Bg3 Ra5 29. Bc7 Ra7 1/2-1/2

[Event "Czech Chess Christmas 2010"]
[Site "Litomysl"]
[Date "2010.12.27"]
[Round "2.20"]
[White "Trhal, Michal"]
[Black "Pekar, Vaclav"]
[Result "1/2-1/2"]
[WhiteElo "1982"]
[BlackElo "2114"]
[PlyCount "105"]
[EventDate "2010.12.26"]

1. d4 Nf6 2. Bg5 e6 3. e4 h6 4. Bxf6 Qxf6 5. Nf3 d6 6. Nc3 a6 7. Bd3 Nd7 8. e5
Qd8 9. d5 Nxe5 10. Nxe5 dxe5 11. Qe2 Bd6 12. O-O-O O-O 13. g4 Qg5+ 14. Kb1 exd5
15. Nxd5 Qxg4 16. Nf6+ gxf6 17. Rhg1 f5 18. Bxf5 Bxf5 19. Rxg4+ Bxg4 20. Qxg4+
Kh8 21. Qh5 Kh7 22. Qf5+ Kh8 23. Qf6+ Kh7 24. Rg1 Rg8 25. Qxf7+ Kh8 26. Rg6
Rxg6 27. Qxg6 Bf8 28. Qf7 Bd6 29. Qf6+ Kh7 30. Qf5+ Kg7 31. Qg4+ Kh8 32. Qh5
Kh7 33. Qf7+ Kh8 34. c4 b6 35. Qe6 Kg7 36. Qg4+ Kh8 37. Qg6 Rf8 38. Qxh6+ Kg8
39. Qg6+ Kh8 40. f3 Rf4 41. h4 Bf8 42. Qh5+ Kg8 43. Qxe5 Rxf3 44. Qg5+ Bg7 45.
h5 Rf6 46. a3 a5 47. h6 Rxh6 48. Qd8+ Bf8 49. Qxc7 Re6 50. Ka2 Bc5 51. Qd8+ Kf7
52. Qd7+ Kf6 53. Qd8+ 1/2-1/2

[Event "Czech Chess Christmas 2010"]
[Site "Litomysl"]
[Date "2010.12.28"]
[Round "3.1"]
[White "Kanovsky, David"]
[Black "Cerveny, Martin"]
[Result "1/2-1/2"]
[WhiteElo "2497"]
[BlackElo "2317"]
[PlyCount "134"]
[EventDate "2010.12.26"]

1. e4 c5 2. Nf3 d6 3. d4 cxd4 4. Nxd4 Nf6 5. Nc3 a6 6. Bc4 e6 7. Bb3 Nbd7 8. f4
Nc5 9. O-O Be7 10. e5 dxe5 11. fxe5 Nfd7 12. Bf4 Nf8 13. Qd2 Ng6 14. Rad1 Qc7
15. Bg3 O-O 16. Qe3 Nxb3 17. axb3 Bd7 18. Ne4 Rac8 19. Nf6+ Kh8 20. h4 Bc5 21.
h5 Ne7 22. Qd3 gxf6 23. exf6 Bxd4+ 24. Qxd4 Nf5 25. Bxc7 Nxd4 26. Bd6 Ne2+ 27.
Kf2 Rg8 28. c4 e5 29. Kxe2 Bg4+ 30. Kf2 Bxd1 31. Rxd1 Rg5 32. g4 Rxg4 33. Bxe5
Rg5 34. Bc3 Kg8 35. Rd7 b5 36. h6 Rh5 37. Bd4 bxc4 38. bxc4 Rxh6 39. c5 Rh2+
40. Ke3 h6 41. Kd3 Rh5 42. b4 a5 43. bxa5 Rhxc5 44. Bxc5 Rxc5 45. a6 Kh7 46. a7
Ra5 47. Kc4 Kg6 48. Kb4 Ra1 49. Kb5 h5 50. Kb6 Rb1+ 51. Kc6 Ra1 52. Kb7 Rb1+
53. Kc7 Ra1 54. Kb8 Kxf6 55. Rd5 Ke6 56. Rxh5 f5 57. a8=Q Rxa8+ 58. Kxa8 Ke5
59. Kb7 Ke4 60. Kc6 f4 61. Rh4 Ke3 62. Kd5 f3 63. Rh3 Ke2 64. Ke4 f2 65. Re3+
Kd2 66. Rf3 Ke2 67. Rxf2+ Kxf2 1/2-1/2

[Event "Czech Chess Christmas 2010"]
[Site "Litomysl"]
[Date "2010.12.28"]
[Round "3.2"]
[White "Heinzel, Olaf"]
[Black "Bernasek, Jan"]
[Result "0-1"]
[WhiteElo "2328"]
[BlackElo "2490"]
[PlyCount "58"]
[EventDate "2010.12.26"]

1. d4 Nf6 2. Bg5 e6 3. Nf3 d6 4. Nc3 h6 5. Bd2 d5 6. e3 c5 7. dxc5 Bxc5 8. Na4
Bd6 9. c4 O-O 10. Nc3 Nc6 11. a3 a6 12. b4 dxc4 13. Bxc4 e5 14. b5 axb5 15.
Nxb5 e4 16. Nfd4 Nxd4 17. exd4 Bb8 18. h3 Ra6 19. Bb4 Re8 20. Nc3 Rc6 21. Bb5
e3 22. Bxc6 bxc6 23. Qd3 exf2+ 24. Kxf2 Ba6 25. Qd2 Qc7 26. Rhe1 Qg3+ 27. Kg1
Qh2+ 28. Kf2 Ng4+ 29. hxg4 Qh4+ 0-1

[Event "Czech Chess Christmas 2010"]
[Site "Litomysl"]
[Date "2010.12.28"]
[Round "3.3"]
[White "Likavsky, Tomas"]
[Black "Volodin, Viktor"]
[Result "1-0"]
[WhiteElo "2466"]
[BlackElo "2223"]
[PlyCount "73"]
[EventDate "2010.12.26"]

1. d4 d5 2. c4 c6 3. Nf3 Nf6 4. e3 e6 5. b3 Nbd7 6. Bb2 Bd6 7. Bd3 O-O 8. O-O
b6 9. Nc3 Bb7 10. Qc2 Qe7 11. e4 dxe4 12. Nxe4 Nxe4 13. Bxe4 Nf6 14. Bd3 Ba3
15. Bc3 Bb4 16. Bxb4 Qxb4 17. a3 Qe7 18. c5 bxc5 19. dxc5 a5 20. Ne5 Qc7 21.
Qe2 Nd7 22. Nxd7 Qxd7 23. Rfd1 Qc8 24. Be4 Ba6 25. Qf3 Rb8 26. Rd6 Qb7 27. Bxc6
Qa7 28. Rc1 Bb7 29. Bxb7 Rxb7 30. c6 Rc7 31. g3 h6 32. b4 axb4 33. axb4 Qb6 34.
Rd7 Rxd7 35. cxd7 Qxb4 36. Rc8 Qa5 37. Qc6 1-0

[Event "Czech Chess Christmas 2010"]
[Site "Litomysl"]
[Date "2010.12.28"]
[Round "3.4"]
[White "Bolacky, Jiri"]
[Black "Biolek, Richard"]
[Result "0-1"]
[WhiteElo "2237"]
[BlackElo "2413"]
[PlyCount "46"]
[EventDate "2010.12.26"]

1. e4 Nc6 2. Nf3 e5 3. Bb5 f5 4. Nc3 Nf6 5. Qe2 fxe4 6. Nxe4 d5 7. Nxf6+ gxf6
8. d4 Bg7 9. dxe5 O-O 10. e6 Re8 11. Be3 Rxe6 12. O-O-O Ne5 13. Qd2 c6 14. Bd3
Qf8 15. Rhe1 a5 16. Nd4 Re8 17. f4 Nxd3+ 18. Qxd3 Bg4 19. Rd2 c5 20. Nf5 d4 21.
Bf2 Rxe1+ 22. Bxe1 Qf7 23. b3 Qe6 0-1

[Event "Czech Chess Christmas 2010"]
[Site "Litomysl"]
[Date "2010.12.28"]
[Round "3.5"]
[White "Svana, Peter"]
[Black "Sabol, Marian"]
[Result "1/2-1/2"]
[WhiteElo "2227"]
[BlackElo "2392"]
[PlyCount "78"]
[EventDate "2010.12.26"]

1. e4 a6 2. d4 b5 3. Bd3 Bb7 4. Nf3 e6 5. O-O d6 6. a4 b4 7. a5 Nf6 8. Nbd2 Be7
9. Qe2 Nbd7 10. Ra4 c5 11. dxc5 Nxc5 12. Ra1 O-O 13. Nd4 Nxd3 14. cxd3 Nd7 15.
N2b3 Nc5 16. Bd2 d5 17. Nxc5 Bxc5 18. Nb3 Be7 19. Qe1 dxe4 20. dxe4 Bc6 21. Qe3
Qc7 22. Rfc1 Qd7 23. f3 Bb5 24. Nc5 Bxc5 25. Qxc5 b3 26. Qe5 Qa7+ 27. Kh1 Qe7
28. Rc7 Qf6 29. Qxf6 gxf6 30. Bc3 Rac8 31. Rxc8 Rxc8 32. Bxf6 Rc2 33. h4 h5 34.
Re1 Kh7 35. Re3 Kg6 36. Bd4 Rd2 37. Bc3 Rd3 38. Rxd3 Bxd3 39. Kg1 f5 1/2-1/2

[Event "Czech Chess Christmas 2010"]
[Site "Litomysl"]
[Date "2010.12.28"]
[Round "3.6"]
[White "Bures, Jaroslav"]
[Black "Krupa, Krzysztof"]
[Result "1-0"]
[WhiteElo "2373"]
[BlackElo "2031"]
[PlyCount "191"]
[EventDate "2010.12.26"]

1. e4 e5 2. Nf3 Nc6 3. Bb5 Bc5 4. O-O Qf6 5. b4 Bxb4 6. c3 Bd6 7. d4 h6 8. Bb2
Nge7 9. a4 O-O 10. Nbd2 Ng6 11. Re1 a6 12. Bf1 Na5 13. Qc2 c6 14. c4 Bc7 15.
Bc3 d6 16. Rab1 Nf4 17. dxe5 dxe5 18. Nxe5 Bxe5 19. Bxa5 Bg4 20. Bb6 Rac8 21.
Be3 Rcd8 22. Rxb7 Qg6 23. g3 Ne6 24. h3 Bh5 25. g4 Bd4 26. Bg2 Bxe3 27. Rxe3
Nf4 28. Rf3 Bxg4 29. hxg4 Qxg4 30. Rxf4 Qxf4 31. Nf1 Rd6 32. Rb3 Rfd8 33. Rf3
Qe5 34. c5 Rf6 35. Rxf6 Qxf6 36. Ne3 Qg5 37. Qc3 h5 38. Nf5 Rd1+ 39. Kh2 Qf4+
40. Qg3 Qxg3+ 41. Kxg3 Kf8 42. Nd6 Rc1 43. Nb7 Ke7 44. e5 Kd7 45. f4 Rc4 46.
Bh3+ Ke7 47. a5 g6 48. Bf1 Rb4 49. Bxa6 Ra4 50. Be2 h4+ 51. Kxh4 Rxf4+ 52. Kg3
Ra4 53. Bg4 f5 54. exf6+ Kxf6 55. Bd7 Ke5 56. Bxc6 Ra3+ 57. Kg4 Kd4 58. Bd7
Rxa5 59. Nxa5 Kxc5 60. Kg5 Kb6 61. Nb3 Kc7 62. Bg4 Kd6 63. Bf3 Ke5 64. Bg2 Kd6
65. Nc1 Ke5 66. Ne2 Kd6 67. Kxg6 Kc5 68. Kf5 Kc4 69. Ke4 Kc5 70. Bh3 Kd6 71.
Kd4 Ke7 72. Ke5 Kf7 73. Bf5 Kg7 74. Ke6 Kf8 75. Nf4 Kg7 76. Ng6 Kg8 77. Kf6 Kh7
78. Be6 Kh6 79. Bg8 Kh5 80. Ne5 Kh4 81. Kf5 Kg3 82. Ng4 Kf3 83. Bc4 Kg3 84. Be2
Kh4 85. Kf4 Kh5 86. Bd3 Kh4 87. Bg6 Kh3 88. Ne3 Kh4 89. Ng2+ Kh3 90. Kf3 Kh2
91. Kf2 Kh3 92. Bf5+ Kh2 93. Ne3 Kh1 94. Be6 Kh2 95. Nf1+ Kh1 96. Bd5# 1-0

[Event "Czech Chess Christmas 2010"]
[Site "Litomysl"]
[Date "2010.12.28"]
[Round "3.9"]
[White "Seidl, Antonin"]
[Black "Novotny, Michal"]
[Result "0-1"]
[WhiteElo "1983"]
[BlackElo "2255"]
[PlyCount "80"]
[EventDate "2010.12.26"]

1. e4 c5 2. Nf3 e6 3. d3 d5 4. Nbd2 Nf6 5. g3 Be7 6. Bg2 O-O 7. O-O Nc6 8. Re1
Qc7 9. e5 Nd7 10. Qe2 b6 11. Nf1 Ba6 12. Bf4 Rfe8 13. Ne3 Nf8 14. Ng4 Ng6 15.
h4 Nxf4 16. gxf4 Rad8 17. c3 d4 18. c4 Bb7 19. Ng5 Bxg5 20. hxg5 Ne7 21. Be4
Bxe4 22. Qxe4 Qc6 23. f3 Rc8 24. Kf2 b5 25. b3 bxc4 26. bxc4 Rb8 27. Rab1 Qa4
28. Rxb8 Rxb8 29. Re2 Qd1 30. Re1 Qc2+ 31. Re2 Qb1 32. Kg2 Nf5 33. Rd2 Qc1 34.
Qe2 Rb1 35. Kh3 Qh1+ 36. Nh2 Rg1 37. Qf2 Rg3+ 38. Qxg3 Nxg3 39. Kxg3 Qe1+ 40.
Rf2 Kf8 0-1

[Event "Czech Chess Christmas 2010"]
[Site "Litomysl"]
[Date "2010.12.28"]
[Round "3.10"]
[White "Niemers, Johannes"]
[Black "Bombek, Peter"]
[Result "1-0"]
[WhiteElo "1999"]
[BlackElo "2228"]
[PlyCount "121"]
[EventDate "2010.12.26"]

1. e4 d5 2. exd5 Qxd5 3. Nc3 Qa5 4. d4 Nf6 5. Bc4 Nc6 6. Nge2 Bg4 7. f3 Bh5 8.
Be3 O-O-O 9. Qc1 e5 10. dxe5 Nxe5 11. Bb3 Bc5 12. O-O Rhe8 13. Bxc5 Qxc5+ 14.
Kh1 Nc6 15. Rd1 Rxd1+ 16. Qxd1 Qe3 17. Qg1 Na5 18. Qxe3 Rxe3 19. Nf4 Nxb3 20.
axb3 a6 21. Kg1 Re5 22. Kf2 Bg6 23. Nxg6 hxg6 24. Rd1 c5 25. g4 g5 26. Rd3 Kc7
27. Re3 Kd6 28. Ne4+ Nxe4+ 29. fxe4 Kc6 30. Ke2 Re6 31. c3 Rh6 32. h3 Kd6 33.
Rf3 f6 34. Kf2 Rh8 35. Ke3 Ke6 36. Kd3 b6 37. Ke3 Rd8 38. Rf1 Rd6 39. Rh1 b5
40. Ra1 c4 41. bxc4 bxc4 42. Ra4 Rd3+ 43. Ke2 Rxh3 44. Rxc4 Ke5 45. Ra4 Kf4 46.
Rxa6 Kxg4 47. c4 Kf4 48. b4 Kxe4 49. Re6+ Kd4 50. c5 Rb3 51. Rb6 g4 52. c6 Rb2+
53. Kf1 Ke3 54. Rb5 f5 55. Re5+ Kf4 56. Rc5 g3 57. c7 Rb1+ 58. Ke2 g2 59. c8=Q
g1=Q 60. Qxf5+ Kg3 61. Rc3+ 1-0

[Event "Czech Chess Christmas 2010"]
[Site "Litomysl"]
[Date "2010.12.28"]
[Round "3.11"]
[White "Borisek, Anze"]
[Black "Navratil, Jiri"]
[Result "1/2-1/2"]
[WhiteElo "2006"]
[BlackElo "2120"]
[PlyCount "37"]
[EventDate "2010.12.26"]

1. f4 d5 2. b3 c5 3. e3 Nf6 4. Nf3 e6 5. Bb2 Bd6 6. Bb5+ Bd7 7. a4 O-O 8. O-O
a6 9. Bxd7 Nbxd7 10. d3 Qc7 11. Nbd2 Rfe8 12. g3 e5 13. Nh4 exf4 14. exf4 d4
15. Nc4 Re6 16. Bc1 Rae8 17. Bd2 Bf8 18. a5 Qc6 19. Qf3 1/2-1/2

[Event "Czech Chess Christmas 2010"]
[Site "Litomysl"]
[Date "2010.12.28"]
[Round "3.12"]
[White "Pekar, Vaclav"]
[Black "Sion, David"]
[Result "1/2-1/2"]
[WhiteElo "2114"]
[BlackElo "1584"]
[PlyCount "110"]
[EventDate "2010.12.26"]

1. f4 e5 2. fxe5 d6 3. exd6 Bxd6 4. Nf3 g5 5. d4 g4 6. Ne5 Bxe5 7. dxe5 Qxd1+
8. Kxd1 Nc6 9. Nc3 Be6 10. Bg5 a6 11. Ke1 Nxe5 12. Ne4 Nd7 13. e3 h6 14. Bh4 f5
15. Nc3 Ne7 16. Rd1 Ng6 17. Bg3 O-O-O 18. Bd3 Nde5 19. Bxe5 Nxe5 20. Rf1 Rhf8
21. b3 b5 22. Ne2 c5 23. Ng3 Nxd3+ 24. cxd3 Bd5 25. Rxf5 Rxf5 26. Nxf5 Bxg2 27.
Rc1 Rxd3 28. Rxc5+ Kd7 29. Ke2 Rd5 30. Rxd5+ Bxd5 31. Nxh6 Bf3+ 32. Kf2 b4 33.
Kg3 Be4 34. Nxg4 Bb1 35. Ne5+ Ke6 36. Nc4 Bxa2 37. Nd2 a5 38. Kf4 Kd5 39. h4
Bxb3 40. Nxb3 a4 41. e4+ Kc4 42. Nd2+ Kd3 43. h5 Kxd2 44. h6 b3 45. h7 b2 46.
h8=Q b1=Q 47. Qd4+ Qd3 48. Qxa4 Qe3+ 49. Ke5 Qg5+ 50. Kd6 Qf6+ 51. Kd5 Qd8+ 52.
Ke6 Qb6+ 53. Ke7 Qc5+ 54. Kd8 Ke3 55. Kd7 Qd4+ 1/2-1/2

[Event "Czech Chess Christmas 2010"]
[Site "Litomysl"]
[Date "2010.12.28"]
[Round "3.13"]
[White "Kraus, Ondrej"]
[Black "Konstacky, Matej"]
[Result "0-1"]
[WhiteElo "1973"]
[BlackElo "2110"]
[PlyCount "72"]
[EventDate "2010.12.26"]

1. d4 Nf6 2. Nf3 e6 3. c4 b6 4. e3 Bb7 5. Bd3 Ne4 6. O-O f5 7. Nbd2 g6 8. Qc2
Nxd2 9. Nxd2 Bg7 10. f4 d6 11. Nf3 O-O 12. e4 Nc6 13. d5 Nb4 14. Qb3 Nxd3 15.
Qxd3 fxe4 16. Qxe4 exd5 17. cxd5 Qf6 18. Qc4 Qf7 19. Rd1 h6 20. a4 a5 21. Ra3
Rfe8 22. Nh4 g5 23. fxg5 Bxd5 24. Qg4 Re4 25. Qh3 Bd4+ 26. Kh1 Rae8 27. Be3
Bxe3 28. gxh6 Bf2 29. Rg3+ Bxg3 30. Qxg3+ Kh7 31. Nf3 Rg8 32. Ng5+ Rxg5 33.
Qxg5 Re5 34. Qd2 Rf5 35. Kg1 Bc4 36. Qc2 Bb3 0-1

[Event "Czech Chess Christmas 2010"]
[Site "Litomysl"]
[Date "2010.12.28"]
[Round "3.14"]
[White "Skoda, Martin"]
[Black "Trhal, Michal"]
[Result "1-0"]
[WhiteElo "2034"]
[BlackElo "1982"]
[PlyCount "93"]
[EventDate "2010.12.26"]

1. e4 c6 2. Nc3 d5 3. Nf3 g6 4. d4 Bg7 5. e5 Bg4 6. h3 Bxf3 7. Qxf3 Qb6 8. Qd3
Nd7 9. f4 e6 10. Be3 Ne7 11. O-O-O Nf5 12. g4 Nxe3 13. Qxe3 h5 14. Be2 hxg4 15.
hxg4 O-O-O 16. Kb1 g5 17. Qd2 gxf4 18. Qxf4 f6 19. Rxh8 Rxh8 20. exf6 Bxf6 21.
g5 Bg7 22. Bg4 Rf8 23. Qd6 Rd8 24. Ne2 Qc7 25. Qxe6 Kb8 26. Rf1 Qb6 27. Qe7 Bf8
28. Qe3 Bd6 29. Bxd7 Rxd7 30. g6 Qc7 31. Rf7 Qd8 32. Qe6 Rxf7 33. Qxf7 Bf8 34.
g7 Bxg7 35. Qxg7 a6 36. a4 Ka7 37. Qg3 Qa5 38. Nc3 Qb4 39. Qe3 Qc4 40. b3 Qb4
41. Kb2 Qf8 42. Ne2 Qf6 43. Qc3 b6 44. a5 bxa5 45. Qxa5 Kb7 46. Qb4+ Kc7 47.
Nc3 1-0

[Event "Czech Chess Christmas 2010"]
[Site "Litomysl"]
[Date "2010.12.28"]
[Round "3.16"]
[White "Macek, Kamil"]
[Black "Kantorik, Marian"]
[Result "0-1"]
[WhiteElo "1968"]
[BlackElo "2351"]
[PlyCount "86"]
[EventDate "2010.12.26"]

1. e4 e5 2. Nf3 Nc6 3. Bb5 a6 4. Ba4 Nf6 5. d4 exd4 6. O-O Be7 7. e5 Ne4 8. Re1
Nc5 9. Bxc6 dxc6 10. Nxd4 O-O 11. Nc3 Kh8 12. Bf4 Bg4 13. Qxg4 Qxd4 14. Qg3 Qb4
15. Rab1 Rad8 16. a3 Qd4 17. Rbd1 Qc4 18. b3 Qe6 19. Bg5 Rfe8 20. Bxe7 Qxe7 21.
b4 Ne6 22. Qe3 Qh4 23. Rxd8 Rxd8 24. Rd1 Rxd1+ 25. Nxd1 g6 26. g3 Qg4 27. Nc3
Qd4 28. Qf3 Kg8 29. Ne4 Qxe5 30. Nf6+ Kg7 31. Nd7 Qd4 32. Nc5 Nxc5 33. bxc5
Qxc5 34. Qb3 b5 35. Qd3 Qe5 36. h4 c5 37. a4 Qd4 38. Qe2 c6 39. h5 c4 40. g4
Qf4 41. Qd1 c3 42. Qd7 bxa4 43. Kf1 Qc4+ 0-1

[Event "Czech Chess Christmas 2010"]
[Site "Litomysl"]
[Date "2010.12.28"]
[Round "3.17"]
[White "Jedlicka, Ales"]
[Black "Hrabal, Michal"]
[Result "1-0"]
[WhiteElo "2261"]
[BlackElo "1972"]
[PlyCount "57"]
[EventDate "2010.12.26"]

1. d4 Nf6 2. c4 g6 3. Nc3 Bg7 4. e4 O-O 5. Be2 d6 6. Nf3 e5 7. O-O Nc6 8. Be3
Ng4 9. Bg5 f6 10. Bc1 Nh6 11. dxe5 Nxe5 12. Nd4 Nc6 13. Nxc6 bxc6 14. c5 Be6
15. Be3 Qe7 16. Qd2 Nf7 17. Rac1 Rfd8 18. b3 d5 19. exd5 cxd5 20. Nb5 c6 21.
Nd4 Bd7 22. Rfe1 Re8 23. Ba6 Rab8 24. b4 Qd8 25. b5 Ne5 26. bxc6 Bxc6 27. f4
Bb7 28. fxe5 Bxa6 29. Nc6 1-0

[Event "Czech Chess Christmas 2010"]
[Site "Litomysl"]
[Date "2010.12.28"]
[Round "3.18"]
[White "Ries, Vilem"]
[Black "Lys, Josef"]
[Result "0-1"]
[WhiteElo "1941"]
[BlackElo "2199"]
[PlyCount "48"]
[EventDate "2010.12.26"]

1. e4 e5 2. Nf3 d6 3. d4 exd4 4. Nxd4 Nf6 5. Bg5 Be7 6. Nd2 Nxe4 7. Nxe4 Bxg5
8. Qh5 Bh6 9. Bc4 O-O 10. O-O c6 11. Ng3 Qg5 12. Qf3 d5 13. Bd3 Bg4 14. h4 Qxh4
15. Ngf5 Bxf3 16. Nxh4 Bg4 17. Rfe1 g6 18. f3 Bd7 19. c3 c5 20. Nb5 c4 21. Nc7
cxd3 22. Nxa8 Na6 23. Re7 Bc6 24. Nc7 Bg5 0-1

[Event "Czech Chess Christmas 2010"]
[Site "Litomysl"]
[Date "2010.12.28"]
[Round "3.19"]
[White "Olsarova, Tereza"]
[Black "Balkova, Anna"]
[Result "1-0"]
[WhiteElo "2185"]
[BlackElo "1939"]
[PlyCount "29"]
[EventDate "2010.12.26"]

1. e4 e5 2. Nf3 Nc6 3. Bb5 a6 4. Ba4 b5 5. Bb3 Be7 6. d3 Nf6 7. g4 h6 8. Rg1 d5
9. exd5 Nxd5 10. Qe2 Qd6 11. a4 b4 12. Nbd2 Nf4 13. Qd1 Na5 14. Ne4 Qd8 15.
Bxf7+ 1-0

[Event "Czech Chess Christmas 2010"]
[Site "Litomysl"]
[Date "2010.12.28"]
[Round "3.20"]
[White "Machan, Jan"]
[Black "Cizinsky, Petr"]
[Result "0-1"]
[WhiteElo "1905"]
[BlackElo "2148"]
[PlyCount "82"]
[EventDate "2010.12.26"]

1. Nf3 Nf6 2. d4 g6 3. e3 c5 4. Bd3 Bg7 5. c3 cxd4 6. exd4 O-O 7. O-O d6 8. Bg5
Qb6 9. Qc2 Nc6 10. Nbd2 Bd7 11. Rfe1 Rac8 12. Nc4 Qc7 13. Qd2 Be6 14. Ne3 d5
15. Nf1 Rfe8 16. Ng3 Qa5 17. h4 b5 18. a3 Bg4 19. Nh2 Bd7 20. Nf3 Qb6 21. Bh6
Bh8 22. h5 Ng4 23. hxg6 hxg6 24. Nh2 Nxh6 25. Qxh6 Bg7 26. Qg5 e5 27. dxe5 Rxe5
28. Qd2 d4 29. Ne4 dxc3 30. Nxc3 Nd4 31. Be4 Be6 32. Rad1 Rd8 33. Qf4 b4 34.
axb4 Qxb4 35. Nf3 Nxf3+ 36. Qxf3 Rxd1 37. Rxd1 Qxb2 38. Nd5 f5 39. Qg3 Rxe4 40.
Ne7+ Kf7 41. Nxg6 Rg4 0-1

[Event "Czech Chess Christmas 2010"]
[Site "Litomysl"]
[Date "2010.12.28"]
[Round "4.1"]
[White "Bernasek, Jan"]
[Black "Bures, Jaroslav"]
[Result "1/2-1/2"]
[WhiteElo "2490"]
[BlackElo "2373"]
[PlyCount "98"]
[EventDate "2010.12.26"]

1. c4 Nf6 2. Nf3 c5 3. g3 b6 4. Bg2 Bb7 5. Nc3 e6 6. O-O Be7 7. d4 cxd4 8. Qxd4
d6 9. Bg5 a6 10. Bxf6 Bxf6 11. Qd3 O-O 12. Rad1 Be7 13. Ng5 Bxg5 14. Bxb7 Ra7
15. Be4 f5 16. Bg2 Be7 17. f4 Nd7 18. e4 Nc5 19. Qe2 Nxe4 20. Nxe4 fxe4 21.
Qxe4 Rf6 22. Bh3 Qc8 23. Rfe1 Kf7 24. Re2 Bf8 25. Rde1 Re7 26. Kg2 h5 27. b3 g6
28. Kh1 a5 29. Qd3 Qc5 30. Bg2 e5 31. Bd5+ Kg7 32. Qc3 Kh7 33. fxe5 Rxe5 34.
Rxe5 dxe5 35. Qxe5 Qf2 36. Bg2 Bc5 37. Rf1 Qxf1+ 38. Bxf1 Rxf1+ 39. Kg2 Rf2+
40. Kh3 Rxa2 41. g4 hxg4+ 42. Kxg4 Rg2+ 43. Kf3 Rf2+ 44. Kg3 Rf5 45. Qc7+ Kg8
46. Kg4 Bf2 47. Qd8+ Kg7 48. Qe7+ Kg8 49. Qd6 Kg7 1/2-1/2

[Event "Czech Chess Christmas 2010"]
[Site "Litomysl"]
[Date "2010.12.28"]
[Round "4.2"]
[White "Biolek, Richard"]
[Black "Likavsky, Tomas"]
[Result "1/2-1/2"]
[WhiteElo "2413"]
[BlackElo "2466"]
[PlyCount "23"]
[EventDate "2010.12.26"]

1. e4 c5 2. Nf3 e6 3. d4 cxd4 4. Nxd4 a6 5. Bd3 g6 6. O-O Bg7 7. c3 d6 8. f4
Nf6 9. f5 gxf5 10. exf5 e5 11. Nc2 Nbd7 12. c4 1/2-1/2

[Event "Czech Chess Christmas 2010"]
[Site "Litomysl"]
[Date "2010.12.28"]
[Round "4.3"]
[White "Sabol, Marian"]
[Black "Madan, Augustin"]
[Result "1-0"]
[WhiteElo "2392"]
[BlackElo "2339"]
[PlyCount "63"]
[EventDate "2010.12.26"]

1. d4 e6 2. g3 Nf6 3. Bg2 d5 4. Nf3 c5 5. O-O cxd4 6. Nxd4 e5 7. Nb3 Nc6 8. Nc3
d4 9. Ne4 Bf5 10. Nxf6+ Qxf6 11. e4 dxe3 12. Bxe3 Be7 13. Nc5 b6 14. Ne4 Bxe4
15. Bxe4 Rd8 16. Qh5 Nd4 17. c3 Ne6 18. Rad1 Rd6 19. Rxd6 Bxd6 20. Qd1 Qe7 21.
Qa4+ Kf8 22. Rd1 Qc7 23. Bd5 Nc5 24. Qg4 h5 25. Qf3 f6 26. b4 Nd7 27. Bb3 Ke7
28. Qd5 Nf8 29. c4 Bxb4 30. c5 Ke8 31. cxb6 axb6 32. Qb5+ 1-0

[Event "Czech Chess Christmas 2010"]
[Site "Litomysl"]
[Date "2010.12.28"]
[Round "4.4"]
[White "Konstacky, Matej"]
[Black "Kanovsky, David"]
[Result "0-1"]
[WhiteElo "2110"]
[BlackElo "2497"]
[PlyCount "72"]
[EventDate "2010.12.26"]

1. e4 c5 2. Nc3 Nc6 3. g3 g6 4. Bg2 Bg7 5. f4 d6 6. Nf3 e6 7. O-O Nge7 8. Ne2
O-O 9. d3 b6 10. g4 f5 11. h3 Bb7 12. Ng3 Qd7 13. gxf5 exf5 14. Kh2 Rad8 15. c3
fxe4 16. dxe4 d5 17. e5 Nf5 18. Qe1 d4 19. Nxf5 Rxf5 20. Nh4 Rff8 21. Qg3 dxc3
22. bxc3 Qd3 23. Qxd3 Rxd3 24. c4 g5 25. Bd5+ Kh8 26. Ng2 Na5 27. Bxb7 Nxb7 28.
Be3 gxf4 29. Bxf4 Nd8 30. Bg3 Rxf1 31. Rxf1 Kg8 32. Rf2 Ne6 33. Nf4 Nxf4 34.
Bxf4 Rd4 35. Kg3 Rxc4 36. Rd2 Rxf4 0-1

[Event "Czech Chess Christmas 2010"]
[Site "Litomysl"]
[Date "2010.12.28"]
[Round "4.5"]
[White "Strebkovs, Andrejs"]
[Black "Svana, Peter"]
[Result "1/2-1/2"]
[WhiteElo "2329"]
[BlackElo "2227"]
[PlyCount "154"]
[EventDate "2010.12.26"]

1. d4 Nf6 2. c4 g6 3. Nc3 Bg7 4. e4 O-O 5. Be3 d6 6. f3 c5 7. Nge2 Nc6 8. d5
Ne5 9. Ng3 e6 10. Be2 exd5 11. cxd5 a6 12. a4 h5 13. O-O Nh7 14. Qd2 h4 15. Nh1
f5 16. exf5 gxf5 17. Nf2 Ng6 18. f4 Nf6 19. Bd3 Kh8 20. Rab1 Ne7 21. Bc2 Ng4
22. Nxg4 fxg4 23. Rbe1 Nf5 24. Bxf5 Bxf5 25. Bf2 b5 26. axb5 axb5 27. Nxb5 Rb8
28. Nc3 Rb7 29. Re2 Rb4 30. Rfe1 h3 31. Qe3 hxg2 32. Qg3 Rb3 33. Qxg2 Qb8 34.
Bh4 Bd4+ 35. Kh1 Rb7 36. Be7 Rg8 37. Qg3 Rg7 38. Bf6 Bxf6 39. Re8+ Rg8 40. Rxb8
Rgxb8 41. Na4 Rb3 42. Qf2 Kg7 43. Qd2 R8b4 44. Re2 Rd3 45. Qe1 Rxd5 46. Nc3
Be4+ 47. Kg1 Bd4+ 48. Kf1 Bd3 49. Nxd5 Rxb2 50. Nc3 Rc2 51. Qb1 Rxc3 52. Qb7+
Kg6 53. Ke1 Bxe2 54. Kxe2 Rc2+ 55. Kd3 Rxh2 56. Qe4+ Kf6 57. Qd5 g3 58. Qg5+
Ke6 59. Qxg3 Rf2 60. Qg4+ Kd5 61. Qg8+ Kc6 62. f5 Rf3+ 63. Ke4 Re3+ 64. Kf4 Re1
65. Qa8+ Kd7 66. Kg5 Rg1+ 67. Kh6 Ke7 68. Qe4+ Be5 69. Qd5 Bf4+ 70. Kh5 Be5 71.
Qe6+ Kf8 72. f6 Rh1+ 73. Kg4 Rg1+ 74. Kh3 Rh1+ 75. Kg2 Rh7 76. Kf3 Bxf6 77.
Qxd6+ Be7 1/2-1/2

[Event "Czech Chess Christmas 2010"]
[Site "Litomysl"]
[Date "2010.12.28"]
[Round "4.6"]
[White "Cerveny, Martin"]
[Black "Olsarova, Karolina"]
[Result "0-1"]
[WhiteElo "2317"]
[BlackElo "2202"]
[PlyCount "114"]
[EventDate "2010.12.26"]

1. d4 d5 2. c4 c6 3. Nf3 Nf6 4. e3 Bf5 5. cxd5 cxd5 6. Qb3 Qc7 7. Bd2 e6 8.
Bb5+ Nc6 9. Bb4 Bd6 10. Qa3 Bxb4+ 11. Qxb4 Qe7 12. Bxc6+ bxc6 13. Qxe7+ Kxe7
14. Nc3 Rab8 15. b3 Nd7 16. Na4 Kd6 17. Kd2 Rhc8 18. Rhc1 c5 19. dxc5+ Nxc5 20.
Nxc5 Rxc5 21. Rxc5 Kxc5 22. Rc1+ Kd6 23. Nd4 Bg6 24. f4 Kd7 25. a4 f6 26. Rc5
Rb6 27. Kc3 Be4 28. g3 e5 29. Ne2 Kd6 30. b4 Bf3 31. Nc1 Ra6 32. a5 Rc6 33.
fxe5+ fxe5 34. Rxc6+ Kxc6 35. Nd3 Kd6 36. b5 Be2 37. Nf2 Bxb5 38. h4 Kc5 39.
Ng4 d4+ 40. Kd2 Kd5 41. Nf2 h5 42. e4+ Kc5 43. g4 g6 44. gxh5 gxh5 45. Nh1 a6
46. Ng3 Be8 47. Kd3 Kb4 48. Nf5 Kxa5 49. Nd6 Bb5+ 50. Kc2 Ba4+ 51. Kd3 Bb3 52.
Ne8 Kb4 53. Nf6 Bc4+ 54. Kc2 d3+ 55. Kd2 a5 56. Nd7 a4 57. Nxe5 a3 0-1

[Event "Czech Chess Christmas 2010"]
[Site "Litomysl"]
[Date "2010.12.28"]
[Round "4.7"]
[White "Novotny, Michal"]
[Black "Skoda, Martin"]
[Result "1-0"]
[WhiteElo "2255"]
[BlackElo "2034"]
[PlyCount "151"]
[EventDate "2010.12.26"]

1. d4 Nf6 2. Nf3 g6 3. Bg5 Bg7 4. Nbd2 c5 5. c3 cxd4 6. cxd4 Nc6 7. e3 O-O 8.
Be2 d6 9. O-O Bd7 10. a3 Rc8 11. h3 a6 12. Bc4 Na5 13. Bd3 Be6 14. Qe2 Nb3 15.
Nxb3 Bxb3 16. Rfc1 Qa5 17. Bh4 Be6 18. Qd2 Qb6 19. Rxc8 Rxc8 20. Rc1 Qb3 21.
Be2 Rxc1+ 22. Qxc1 h6 23. Nd2 Qb6 24. Bf3 Kh7 25. Ne4 g5 26. Nxf6+ Bxf6 27. Bg3
Kg7 28. Be4 Bd7 29. b4 Bc6 30. Bb1 a5 31. Qc4 axb4 32. Ba2 d5 33. Qxb4 Qxb4 34.
axb4 e6 35. Bd6 Bd8 36. Bb1 f5 37. Bd3 b5 38. g4 Kg6 39. Kg2 h5 40. Bc2 hxg4
41. hxg4 Kf6 42. Kg3 Kg6 43. Bd3 Kf6 44. f4 gxf4+ 45. Kxf4 fxg4 46. Kxg4 Kf7
47. Kh5 Kg7 48. Bg6 Bf6 49. Be5 Bxe5 50. dxe5 Kf8 51. Kg5 Ke7 52. Bd3 Kf7 53.
Kh6 Bd7 54. Bg6+ Ke7 55. Kg7 Bc6 56. Bd3 Bd7 57. Kg6 Bc6 58. Kg5 Bd7 59. Bg6
Bc6 60. Kf4 Kd7 61. Kf3 Ke7 62. Ke2 Be8 63. Bh7 Kd8 64. Kd3 Kc7 65. Kd4 Kc6 66.
Bg8 Bd7 67. Bf7 Kb6 68. Bh5 Kc6 69. Bd1 Be8 70. Bb3 Bg6 71. Bd1 Bf5 72. Bh5 Kb6
73. Be8 Bb1 74. Bd7 Bf5 75. Kc3 Bg4 76. Kd2 1-0